| 000 | 00653nam a2200289Ia 4500 | ||
|---|---|---|---|
| 008 | 210210b2018 xxu||||| |||| 00| 0 eng d | ||
| 020 | _a9781284090505 | ||
| 041 | _aeng | ||
| 082 | _a574.92 MORI | ||
| 100 | _aMORRISSEY (John F) | ||
| 245 | _aIntroduction to the biology of marine life Ed 11 | ||
| 250 | _a | ||
| 260 |
_aBurlington _bJones & Bartlett _c2018 |
||
| 300 | _axxii,448 | ||
| 650 | _ato | ||
| 650 | _athe | ||
| 650 | _aof | ||
| 650 | _amarine | ||
| 650 | _alife | ||
| 650 | _aIntroduction | ||
| 650 | _aEd | ||
| 650 | _abiology | ||
| 650 | _a11 | ||
| 690 | _aBiology | ||
| 700 | _aSUMICH (James L) | ||
| 906 | _a071320 | ||
| 999 |
_c120639 _d120639 |
||